000
00317nam a2200121Ia 4500
008
220204s9999 xx 000 0 und d
082
_a
624
_b
SCH
100
_a
Schwartz, Max
245
0
_a
Civil engineering for the plant engineer
260
_a
New York
_b
McGraw Hill
_c
1972
650
_a
Civil engineering
942
_c
BK
999
_c
25680
_d
25680